书目信息 |
| 题名: |
第十四届全国高等学校建筑与环境设计专业美术教学研讨会教师论文集
|
|
| 作者: | ;赵军 主编 ;全国高等学校建筑与环境设计专业美术教学研讨会 | |
| 分册: | ||
| 出版信息: | 北京 中国建筑工业出版社 2018 |
|
| 页数: | 202页 | |
| 开本: | 29cm | |
| 丛书名: | ||
| 单 册: | ||
| 中图分类: | J-53 | |
| 科图分类: | ||
| 主题词: | 美术--文集 | |
| 电子资源: | ||
| ISBN: | 978-7-112-22604-7 | |
| 000 | 01213nam0 2200241 450 | |
| 001 | 2354969974 | |
| 005 | 20231203175859.65 | |
| 010 | @a978-7-112-22604-7@dCNY66.00 | |
| 100 | @a20181212d2018 em y0chiy50 ea | |
| 101 | 0 | @achi |
| 102 | @aCN@b110000 | |
| 105 | @aak a 100yy | |
| 200 | 1 | @a第十四届全国高等学校建筑与环境设计专业美术教学研讨会教师论文集@Adi shi si jie quan guo gao deng xue xiao jian zhu yu huan jing she ji zhuan ye mei shu jiao xue yan tao hui jiao shi lun wen ji@f赵军主编 |
| 210 | @a北京@c中国建筑工业出版社@d2018 | |
| 215 | @a202页@c图@d29cm | |
| 320 | @a有书目 | |
| 330 | @a本论文集汇集了全国众多高等院校建筑与环境设计专业的基础美术教学教师的研究论文, 论文侧重于不同的角度, 通过对专业基础教学中遇到的问题, 以及研究中引发的思考, 以文字的形式予以表现, 与全国美术基础教学教师共同探讨, 为建筑与环境设计专业基础教学的未来发展模式, 提供教学思路和改革方式。 | |
| 606 | 0 | @a美术@j文集 |
| 690 | @aJ-53@v5 | |
| 702 | 0 | @a赵军@Azhao jun@4主编 |
| 711 | 12 | @a全国高等学校建筑与环境设计专业美术教学研讨会@Aquan guo gao deng xue xiao jian zhu yu huan jing she ji zhuan ye mei shu jiao xue yan tao hui@d(第14届 :@f2017 :@e昆明理工大学) |
| 801 | 0 | @aCN@b湖北三新@c20181212 |
| 905 | @aZUCC@dJ-53@e6 | |
| 第十四届全国高等学校建筑与环境设计专业美术教学研讨会教师论文集/赵军主编.-北京:中国建筑工业出版社,2018 |
| 202页:图;29cm |
| ISBN 978-7-112-22604-7:CNY66.00 |
| 本论文集汇集了全国众多高等院校建筑与环境设计专业的基础美术教学教师的研究论文, 论文侧重于不同的角度, 通过对专业基础教学中遇到的问题, 以及研究中引发的思考, 以文字的形式予以表现, 与全国美术基础教学教师共同探讨, 为建筑与环境设计专业基础教学的未来发展模式, 提供教学思路和改革方式。 |
| ● |
| 相关链接 |
|
|
|
正题名:第十四届全国高等学校建筑与环境设计专业美术教学研讨会教师论文集
索取号:J-53/6
 
预约/预借
| 序号 | 登录号 | 条形码 | 馆藏地/架位号 | 状态 | 备注 |
| 1 | 2001323001 | 2001323001 | 322书库/ [索取号:J-53/6] | 在馆 | |
| 2 | 2001323002 | 2001323002 | 322书库/ [索取号:J-53/6] | 在馆 | |
| 3 | 2001323003 | 2001323003 | 322书库/ [索取号:J-53/6] | 在馆 | |
| 4 | 2001323004 | 2001323004 | 322书库/ [索取号:J-53/6] | 在馆 | |
| 5 | 2001323005 | 2001323005 | 322书库/ [索取号:J-53/6] | 在馆 | |
| 6 | 2001323006 | 2001323006 | 322书库/ [索取号:J-53/6] | 在馆 | |
| 7 | 2001323007 | 2001323007 | 322书库/ [索取号:J-53/6] | 在馆 | |
| 8 | 2001323008 | 2001323008 | 322书库/ [索取号:J-53/6] | 在馆 | |
| 9 | 2001323009 | 2001323009 | 322书库/ [索取号:J-53/6] | 在馆 | |
| 10 | 2001323010 | 2001323010 | 322书库/ [索取号:J-53/6] | 在馆 | |
| 11 | 2001323011 | 2001323011 | 322书库/ [索取号:J-53/6] | 在馆 | |
| 12 | 2001323012 | 2001323012 | 322书库/ [索取号:J-53/6] | 在馆 | |
| 13 | 2001323013 | 2001323013 | 322书库/ [索取号:J-53/6] | 在馆 | |
| 14 | 2001323014 | 2001323014 | 322书库/ [索取号:J-53/6] | 在馆 | |
| 15 | 2001323015 | 2001323015 | 322书库/ [索取号:J-53/6] | 在馆 | |
| 16 | 2001323016 | 2001323016 | 322书库/ [索取号:J-53/6] | 在馆 | |
| 17 | 2001323017 | 2001323017 | 322书库/ [索取号:J-53/6] | 在馆 | |
| 18 | 2001323018 | 2001323018 | 322书库/ [索取号:J-53/6] | 在馆 | |
| 19 | 2001323019 | 2001323019 | 322书库/ [索取号:J-53/6] | 在馆 | |
| 20 | 2001323020 | 2001323020 | 322书库/ [索取号:J-53/6] | 在馆 | |
| 21 | 2001323021 | 2001323021 | 322书库/ [索取号:J-53/6] | 在馆 | |
| 22 | 2001323022 | 2001323022 | 315书库/ [索取号:J-53/6] | 在馆 | |
| 23 | 2001323023 | 2001323023 | 315书库/ [索取号:J-53/6] | 在馆 | |
| 24 | 2001323024 | 2001323024 | 315书库/ [索取号:J-53/6] | 在馆 | |
| 25 | 2001323025 | 2001323025 | 315书库/ [索取号:J-53/6] | 在馆 | |
| 26 | 2001323026 | 2001323026 | 315书库/ [索取号:J-53/6] | 在馆 | |
| 27 | 2001323027 | 2001323027 | 315书库/ [索取号:J-53/6] | 在馆 | |
| 28 | 2001323028 | 2001323028 | 322书库/ [索取号:J-53/6] | 在馆 | |
| 29 | 2001323029 | 2001323029 | 322书库/ [索取号:J-53/6] | 在馆 | |
| 30 | 2001323030 | 2001323030 | 322书库/ [索取号:J-53/6] | 在馆 |